Crisis del Estado nacin̤ y de la concepcin̤ cls̀ica de la soberana̕

Bibliographic Details
Main Author: Restrepo Medina, Manuel Alberto
Format: eBook
Language:Spanish
Published: Bogot:̀ Editorial Universidad de Rosario (Colombia), 2019
Subjects:
Online Access:Acceso restringido

MARC

LEADER 00000nam a22000007a 4500
005 2020010903213.0
007 cr|||| ||||
008 200109s2019 co |||||s|||| 00||0 spa d
020 |a 978-958-784-354-5 
035 |a 30928 
040 |a vLex 
090 |c 10100  |d 10100 
100 1 |a Restrepo Medina, Manuel Alberto 
245 1 0 |a Crisis del Estado nacin̤ y de la concepcin̤ cls̀ica de la soberana̕  |h [Recurso electrn̤ico] /  |c Manuel Alberto Restrepo Medina 
256 |a Servicio en ln̕ea 
260 |a Bogot:̀  |b Editorial Universidad de Rosario (Colombia),  |c 2019 
300 |a 1 recurso electrn̤ico 
500 |a Esta obra consta de cuatro partes. La primera aborda los org̕enes histr̤icos y las caracters̕ticas cls̀icas de la soberana̕ estatal, articulada con la consolidacin̤ del Estado nacin̤ como forma de organizacin̤ polt̕ica de la sociedad occidental en la modernidad; expone los factores de la crisis del Estado nacin̤ y su incidencia en el mantenimiento de la soberana̕ estatal; y alude a la recomposicin̤ del elemento poblacional de los Estados en razn̤ de los flujos migratorios como factor que reta la configuracin̤ cls̀ica del Estado nacional garante de los derechos de las personas, pues cuestiona su efectividad respecto de los no nacionales. La segunda analiza el impacto de la globalizacin̤ econm̤ica sobre la soberana̕ estatal, en la medida en que aquella ha incidido en la disminucin̤ del monopolio estatal en la creacin̤ de las fuentes de derecho en su m̀bito interno, en una clara cesin̤ de sus competencias o en la adecuacin̤ de sus contenidos a los dictados de los actores que dominan la economa̕ mundial y subordinando los intereses de sus nacionales a los de la inversin̤ extranjera, incluso si ello implica la reduccin̤ de la proteccin̤ de los derechos. La tercera muestra otra faceta de la afectacin̤ del monopolio estatal en la creacin̤ del derecho interno, y por ende de su soberana̕ legislativa, al explicar cm̤o desde la sociedad, especialmente desde los grupos poblaciones ms̀ db̌iles, la falta de inclusin̤ y, en no pocas ocasiones, el uso del derecho del Estado en su contra los lleva a crear sus propios sistemas jurd̕icos, que coexisten y son aplicados concurrentemente con el derecho oficial. Por l︢timo, la cuarta parte evidencia que la incidencia de la globalizacin̤ jurd̕ica sobre los derechos internos de los Estados no siempre va en contra de los intereses de sus nacionales y que ciertos instrumentos y mecanismos provenientes de la internacionalizacin̤ del derecho contribuyen a mejorar la efectividad de la proteccin̤ y el reconocimiento de los derechos. Palabras clave: Estado nacin̤, soberana̕, crisis, migracin̤, globalizacin̤ econm̤ica, inversin̤ extranjera, pluralismo jurd̕ico, bloque de constitucionalidad, soft law, principio de legalidad extendido. 
506 1 |a Disponible solo en los productos indicados  |d vLex Global  |d vLex Global (Academic Edition, excluding Law Schools)  |d vLex Global (U.S. Academic Edition, Law Schools)  |d vLex Global (U.S. Academic Edition, excluding Law Schools)  |d vLex Global (Academic Edition, Law Schools) 
650 0 4 |a Derecho Constitucional  |z Colombia 
650 0 4 |a Ciencia polt̕ica  |z Colombia 
740 0 |a vLex Libros (Servicio en ln̕ea) 
856 4 0 |u http://vlex.com/source/crisis-del-estado-nacion-y-de-la-concepcion-clasica-de-la-soberania-30928  |z Acceso restringido 
942 |c BOOK 
999 0 |a Constitutional Law 
999 0 |a Political Science